[Event "BCF-chT4a 0405 (4NCL)"]
[Site "Telford"]
[Date "2004.11.06"]
[Round "1.3"]
[White "Goodwin, Ed H"]
[Black "Gough, Michael J"]
[Result "0-1"]
[WhiteElo "2005"]
[BlackElo "2166"]
[PlyCount "62"]
[EventDate "2004.11.06"]
[EventType "team"]
[EventRounds "11"]
[EventCountry "ENG"]
[SourceTitle "EXT 2006"]
[Source "ChessBase"]
[SourceDate "2005.11.24"]
[SourceVersion "1"]
[SourceVersionDate "2005.11.24"]
[SourceQuality "1"]
[WhiteTeam "Hilsmark Kingfisher"]
[BlackTeam "Slough Sharks II"]
[WhiteTeamCountry "ENG"]
[BlackTeamCountry "ENG"]

1. c4 Nc6 2. g3 e5 3. Bg2 f5 4. Nc3 Nf6 5. d3 Bb4 6. Bd2 0-0 7. Nd5 Bxd2+ 8. Qxd2 Nxd5 9. cxd5 Ne7 10. Nh3 c6 11. dxc6 bxc6 12. f4 Ng6 13. fxe5 Nxe5 14. 0-0 Qb6+ 15. d4 Ba6 16. Kh1 Nc4 17. Qg5 Qxb2 18. d5 Nd2 19. dxc6 Nxf1 20. Rxf1 dxc6 21. Bxc6 Bb7 22. Bxb7 Qxb7+ 23. Kg1 Qb6+ 24. Rf2 Qb1+ 25. Rf1 Qxa2 26. Nf4 Rae8 27. Rc1 Qb2 28. Rd1 Rf7 29. h4 a5 30. Kh2 Rxe2+ 31. Kg1 Re8 0-1

[Event "BCF-chT4 0304 (4NCL)"]
[Site "West Bromwich "]
[Date "2004.05.31"]
[Round "9.1"]
[White "Barnes, Michael"]
[Black "Gough, Michael J"]
[Result "1/2-1/2"]
[WhiteElo "2262"]
[BlackElo "2153"]
[PlyCount "30"]
[EventDate "2003.10.??"]
[EventType "team"]
[EventRounds "11"]
[EventCountry "ENG"]
[SourceTitle "EXT 2005"]
[Source "ChessBase"]
[SourceDate "2004.11.15"]
[SourceVersion "1"]
[SourceVersionDate "2004.11.15"]
[SourceQuality "1"]
[WhiteTeam "Nottinghamshire"]
[BlackTeam "Slough III"]
[WhiteTeamCountry "ENG"]
[BlackTeamCountry "ENG"]

1. d4 Nf6 2. Nf3 d6 3. c4 Nbd7 4. Nc3 e5 5. Bg5 Be7 6. e3 0-0 7. b4 Re8 8. Be2 c6 9. Qb3 Qc7 10. 0-0 Nf8 11. Rac1 h6 12. Bh4 Ng6 13. Bg3 Nh5 14. c5 Nxg3 15. hxg3 exd4 1/2-1/2

[Event "BCF-chT2 9899 (4NCL)"]
[Site "England"]
[Date "1999.05.02"]
[Round "10.2"]
[White "Shephard, Martin G"]
[Black "Gough, Michael J"]
[Result "0-1"]
[WhiteElo "2136"]
[BlackElo "2160"]
[PlyCount "172"]
[EventDate "1998.10.??"]
[EventType "team"]
[EventRounds "11"]
[EventCountry "ENG"]
[SourceTitle "EXT 2000"]
[Source "ChessBase"]
[SourceDate "1999.11.16"]
[SourceVersion "1"]
[SourceVersionDate "1999.11.16"]
[SourceQuality "1"]
[WhiteTeam "Invicta Knights Maidstone II"]
[BlackTeam "BCCA"]
[WhiteTeamCountry "ENG"]
[BlackTeamCountry "ENG"]

1. e4 e6 2. d4 d5 3. Nd2 Nc6 4. Ngf3 Nf6 5. e5 Nd7 6. Bd3 f6 7. Nh4 g6 8. Ndf3 Bg7 9. exf6 Bxf6 10. g3 0-0 11. Bh6 Bg7 12. Qd2 e5 13. Bxg7 Kxg7 14. dxe5 Ndxe5 15. Be2 Qf6 16. 0-0-0 Nc4 17. Bxc4 dxc4 18. Rde1 h6 19. Re3 g5 20. Ng2 Bg4 21. Nge1 Rad8 22. Qc3 Qxc3 23. bxc3 Rd5 24. h3 Bh5 25. g4 Bg6 26. Rf1 Rfd8 27. Ng2 Ra5 28. Kb2 Rdd5 29. Ra1 Ra6 30. Nd4 Rb6+ 31. Kc1 Nxd4 32. cxd4 Rxd4 33. Re7+ Kf8 34. Rxc7 Rf6 35. Kb2 Rxf2 36. Ne3 Rdd2 37. Rxc4 Rde2 38. Rc3 Rf3 39. Rc8+ Ke7 40. Nd5+ Kd7 41. Rc4 Rd2 42. Rc3 Rxc3 43. Nxc3 Rxc2+ 44. Kb3 Rh2 45. Rd1+ Ke6 46. Re1+ Kd6 47. Re3 a6 48. Rf3 Ke5 49. Kb4 Rd2 50. Re3+ Kd6 51. Rf3 Rd4+ 52. Kb3 Rf4 53. Re3 b5 54. Kb2 b4 55. Ne2 Re4 56. Rd3+ Kc5 57. Rd2 Re3 58. Nd4 Rd3 59. Nb3+ Kd5 60. Rh2 Ke5 61. Nc5 Rd1 62. a3 Rb1+ 63. Ka2 bxa3 64. Re2+ Kd5 65. Nxa6 Rb2+ 66. Rxb2 axb2 67. Kxb2 Be4 68. Kc3 Bg2 69. Kd2 Bxh3 70. Ke3 Bxg4 71. Nb4+ Ke5 72. Nc6+ Kf6 73. Kf2 Bd7 74. Nb4 h5 75. Kg3 Ke5 76. Nd3+ Kf5 77. Nf2 h4+ 78. Kh3 Kf4+ 79. Kg2 Bf5 80. Nd1 g4 81. Nc3 h3+ 82. Kg1 g3 83. Ne2+ Kg4 84. Nc3 Bc8 85. Ne4 h2+ 86. Kh1 Bb7 0-1

[Event "BCF-chT2 9899 (4NCL)"]
[Site "England"]
[Date "1998.11.21"]
[Round "3.2"]
[White "Gough, Michael J"]
[Black "Savage, Ben D"]
[Result "1/2-1/2"]
[WhiteElo "2216"]
[BlackElo "2140"]
[PlyCount "103"]
[EventDate "1998.10.??"]
[EventType "team"]
[EventRounds "11"]
[EventCountry "ENG"]
[SourceTitle "EXT 2000"]
[Source "ChessBase"]
[SourceDate "1999.11.16"]
[SourceVersion "1"]
[SourceVersionDate "1999.11.16"]
[SourceQuality "1"]
[WhiteTeam "BCCA"]
[BlackTeam "Wood Green II"]
[WhiteTeamCountry "ENG"]
[BlackTeamCountry "ENG"]

1. d4 g6 2. Nf3 Bg7 3. c4 d6 4. Nc3 Nd7 5. e4 e5 6. Be2 Ne7 7. 0-0 0-0 8. dxe5 dxe5 9. b4 a5 10. b5 Nb6 11. Ba3 Bf6 12. c5 Qxd1 13. Raxd1 Nd7 14. Nd2 Re8 15. Nc4 Nf8 16. Nd5 Nxd5 17. exd5 Bd7 18. c6 bxc6 19. bxc6 Bc8 20. d6 Ba6 21. Rfe1 Bxc4 22. d7 Bxa2 23. dxe8Q Rxe8 24. Bxf8 Kxf8 25. Ra1 Bd5 26. Rxa5 Bxc6 27. Ra6 Re6 28. Rc1 Bd5 29. Rxc7 Rxa6 30. Bxa6 Be6 31. Kf1 Be7 32. Bc8 Bd8 33. Rc6 Bxc8 34. Rxc8 Ke7 35. Ke2 Bb6 36. f3 Bd4 37. Kd3 Bg1 38. h3 Ke6 39. Rc7 Bh2 40. Rb7 Bg1 41. g4 Bf2 42. Rb8 h5 43. Re8+ Kd5 44. Rf8 Ke6 45. Ke4 Bg3 46. Re8+ Kf6 47. gxh5 gxh5 48. Rg8 h4 49. Ra8 Kg5 50. Rf8 Kf6 51. Kd5 Bh2 52. Ke4 1/2-1/2

[Event "BCF-chT2 9899 (4NCL)"]
[Site "England"]
[Date "1998.10.25"]
[Round "2.1"]
[White "Gough, Michael J"]
[Black "Cooper, John Grantley"]
[Result "0-1"]
[WhiteElo "2216"]
[BlackElo "2350"]
[PlyCount "78"]
[EventDate "1998.10.??"]
[EventType "team"]
[EventRounds "11"]
[EventCountry "ENG"]
[SourceTitle "EXT 2000"]
[Source "ChessBase"]
[SourceDate "1999.11.16"]
[SourceVersion "1"]
[SourceVersionDate "1999.11.16"]
[SourceQuality "1"]
[WhiteTeam "BCCA"]
[BlackTeam "SW Dragons"]
[WhiteTeamCountry "ENG"]
[BlackTeamCountry "ENG"]

1. d4 Nf6 2. c4 e6 3. Nf3 b6 4. g3 Bb7 5. Bg2 Be7 6. 0-0 0-0 7. Nc3 Na6 8. Ne1 d5 9. Nd3 c5 10. dxc5 bxc5 11. Bg5 Rb8 12. Qa4 Nb4 13. cxd5 Nxd3 14. exd3 Bxd5 15. Nxd5 Nxd5 16. Bxe7 Qxe7 17. Bxd5 exd5 18. Qc2 Rfc8 19. b3 Qf6 20. Rac1 h5 21. h4 Rb4 22. Qd2 Rg4 23. Kh2 Rc6 24. Kg2 Qf5 25. f3 Rd4 26. Rfd1 Rf6 27. Qe3 Re6 28. Qd2 Rg6 29. Kf2 Qh3 30. Rg1 Rxh4 31. Rxc5 Rd4 32. Qe3 Rb4 33. Qe8+ Kh7 34. Rc8 Re6 35. Qg8+ Kg6 36. Rc2 Rb7 37. Qd8 Qf5 38. Qh4 Qxd3 39. Rgc1 Rbe7 0-1